| 000 | 00470nam a22001697a 4500 | ||
|---|---|---|---|
| 003 | OSt | ||
| 005 | 20130528185536.0 | ||
| 008 | 130528s2002 sp ||||| |||| 00| 0 cat d | ||
| 020 | _a8495985098 | ||
| 040 | _cCDMR | ||
| 100 | 1 |
_93543 _aBellmunt, Cinta S. |
|
| 245 | 1 | 0 |
_aDarrere el micro _b: 69 anys de ràdio a Tarragona _cCinta S. Bellmunt |
| 260 |
_aTarragona _bArola _c2002 |
||
| 300 | _a182 p. | ||
| 650 | 0 | 4 |
_93105 _aRadiodifusió _zCatalunya _xHistòria |
| 942 |
_2udc _cMON |
||
| 999 |
_c6333 _d6333 |
||